| 000 | 00725cam a2200253 4500 | ||
|---|---|---|---|
| 001 | 6099 | ||
| 010 | _a9725702743 | ||
| 021 | _b173531/01 | ||
| 090 | _a6099 | ||
| 100 | _a20020514e2001 me y0pory5003 ba | ||
| 200 | 1 |
_aQuebra-cabeças sobre Ciência _fErwin Brecher, Mike Gerrard _gtrad. Joana Rosa |
|
| 205 | _a1ª ed., | ||
| 210 | 9 |
_aLisboa _cReplicação _dimp. 2001 |
|
| 215 |
_a96 p. _cil. _d21 cm |
||
| 225 | 2 | _aQuebra-cabeças | |
| 304 | _aTit. orig.: Challenging science puzzles | ||
| 675 |
_a793.7(076) _vPT _zpor |
||
| 675 |
_a5/6(076) _vPT _zpor |
||
| 700 | 1 |
_aBrecher, _bErwin |
|
| 701 | 1 |
_aGerrard, _bMike |
|
| 702 | 1 |
_aRosa, _bJoana, _f1987- |
|
| 801 | 0 |
_aPT _bBMVN _gRPC |
|
| 830 |
_cSílvia Neutel _d31.12.2021 |
||
| 990 | _cLIVROS | ||